Statistics for Random Mr. Men Characters

Click here to take the quiz!

General Stats

  • This quiz has been taken 80 times
    (75 since last reset)
  • The average score is 6 of 12

Answer Stats

Answer% Correct
Mr. Bounce
100%
Mr. Bump
100%
Mr. Busy
100%
Mr. Clever
100%
Mr. Greedy
100%
Mr. Grumpy
100%
Mr. Happy
100%
Mr. Small
100%
Mr. Tall
100%
Mr. Tickle
100%
Mr. Worry
100%
Mr. Daydream
75%
Mr. Forgetful
75%
Mr. Messy
75%
Mr. Snow
75%
Mr. Cool
67%
Mr. Good
67%
Mr. Rush
67%
Mr. Adventure
60%
Mr. Birthday
60%
Mr. Funny
60%
Mr. Dizzy
50%
Mr. Muddle
50%
Mr. Noisy
50%
Mr. Nonsense
50%
Mr. Perfect
50%
Mr. Silly
50%
Mr. Skinny
50%
Mr. Slow
50%
Mr. Topsy-Turvy
50%
Mr. Wrong
50%
Mr. Brave
33%
Mr. Fussy
25%
Mr. Sneeze
25%
Mr. Rude
20%
Mr. Calm
0%
Mr. Chatterbox
0%
Mr. Cheerful
0%
Mr. Christmas
0%
Mr. Clumsy
0%
Mr. Grumble
0%
Mr. Impossible
0%
Mr. Jelly
0%
Mr. Lazy
0%
Mr. Marvelous
0%
Mr. Mean
0%
Mr. Mischief
0%
Mr. Nobody
0%
Mr. Nosey
0%
Mr. Quiet
0%
Mr. Snooty
0%
Mr. Strong
0%

Score Distribution

Percentile by Number Answered

Percent of People with Each Score

Your Score History

You have not taken this quiz since the last reset